La justicia /

Detalles Bibliográficos
Autor principal: Del Vecchio, Giorgio, 1878-1970 (Autor)
Otros Autores: Laplaza, Francisco P. (Traductor)
Formato: Electrónico eBook
Lenguaje:español
italiano
Publicado: Santiago de Chile : Ediciones Olejnik, [2022]
Colección:Biblioteca de filosofía del derecho.
Materias:
Acceso en línea:Digitalia Hispánica

MARC

LEADER 00000nam a2200000 i 4500
001 DIGOLEJNK1261
003 NyNyDIG
007 cr |||||||||||
008 250408s2022 cl ob 000 0 spa d
006 m o d
035 |a (OCoLC)1514492204 
040 |a DGITA  |b eng  |e rda  |e pn  |c DGITA 
020 |z 9789563925227 
041 1 |a spa  |h ita 
050 1 4 |a K243 ebook 
100 1 |a Del Vecchio, Giorgio,  |d 1878-1970,  |e author. 
240 1 0 |a Giustizia.  |l Spanish  |s (Laplaza) 
245 1 3 |a La justicia /  |c Giorgio Del Vecchio ; traducción de Francisco P. Laplaza. 
264 1 |a Santiago de Chile :  |b Ediciones Olejnik,  |c [2022] 
300 |a 1 online resource. 
336 |a text  |b txt  |2 rdacontent 
337 |a computer  |b c  |2 rdamedia 
338 |a online resource  |b cr  |2 rdacarrier 
347 |a text file  |2 rdaft 
347 |b PDF 
490 1 |a Biblioteca de filosofía del derecho 
504 |a Includes bibliographical references. 
588 0 |a Online resource; title from PDF title page (Digitalia, viewed April 8, 2025) 
650 0 |a Justice. 
650 0 |a Justice, Administration of. 
700 1 |a Laplaza, Francisco P.,  |e translator. 
700 1 |i Translation of:  |a Del Vecchio, Giorgio,  |d 1878-1970.  |t Giustizia. 
791 2 |a Digitalia (Firm),  |e distributor. 
793 0 |g Digitalia eBook Collection:  |a Ediciones Olejnik 
776 0 8 |i Print version:  |a Del Vecchio, Giorgio, 1878-1970.  |s Giustizia. Spanish (Laplaza).  |t Justicia.  |b Primera Edición en Ediciones Olejnik.  |d Santiago de Chile : Ediciones Olejnik, [2022]  |z 9789563925227 
830 0 |a Biblioteca de filosofía del derecho. 
856 4 0 |3 Digitalia Hispánica  |u https://www.digitaliapublishing.com/a/157767/ 
910 |a Premium collection: 2025